| 000 | 00513nam a2200181Ia 4500 | ||
|---|---|---|---|
| 999 |
_c29351 _d29351 |
||
| 003 | OSt | ||
| 005 | 20201215100751.0 | ||
| 008 | 190216s9999||||xx |||||||||||||| ||und|| | ||
| 020 | _a9788126414673 | ||
| 040 | _coclc | ||
| 082 |
_a894.8121 _bCHA/O |
||
| 100 |
_aChacko, Chemmanam _97459 |
||
| 245 | 0 |
_aOttayante Choonduviral / _cChemmanam Chacko |
|
| 260 |
_bD C Books, _aKottayam: _c2007. |
||
| 300 | _a136p | ||
| 650 | _aKavithkal | ||
| 942 |
_cBK _2ddc _h894.8121 _iCHA/O _k894.8121 _mCHA/O |
||